01227nam a2200205 a 4500008004100000020001500041050001400056100001700070245002500087250001200112260004400124350000900168995013900177995015300316995014700469999001700616952013200633952013200765952012400897120416s1987 ||||||||||||||||| || u a8120305507 aQA 43 Pot aPotter, M. C10aMathematical methods a2nd ed. aNew DelhibPrentice-Hall of Indiac1987 a0.00 aBINDERY (DAMAGED)D0.00e732667FCBU-MAIN LIBRARY (Kitwe)H1I34.95jQA 43 PotM1UDAMAGEDy44344ZMain Library Open Access Collection aBINDERY (DAMAGED)D0.00e732668FCBU-MAIN LIBRARY (Kitwe)H3I34.95jQA 43 PotM3UDAMAGEDWJun 29, 2006y44345ZMain Library Open Access Collection aANNEX COLLECTION (Main Library)D0.00e732669FCBU-MAIN LIBRARY (Kitwe)H2I34.95jQA 43 PotM2UAVAILABLEy44346ZAnnex Low-Usage Collection  c82724d82724 00102lcc4070a001b001cMain Library Open Access Collectiond2023-09-29l0oQA 43 Potp44344r2023-09-29t1w2023-09-29y002 00102lcc4070a001b001cMain Library Open Access Collectiond2023-09-29l0oQA 43 Potp44345r2023-09-29t2w2023-09-29y002 00102lcc4070a001b001cAnnex Low-Usage Collection d2023-09-29l0oQA 43 Potp44346r2023-09-29t3w2023-09-29y002